Audit a kontrola kvality dát v oblasti zaisťovníctva diplomová práca

Saved in:
Bibliographic Details
Main Author: Lipovská, Kristína
Corporate Author: Fakulta hospodárskej informatiky EU. Katedra aplikovanej informatiky
Other Authors: Horniaková, Veronika, 1990-
Format: Book
Language:Slovak
Published: Bratislava 2025
Tags: Add Tag
No Tags, Be the first to tag this record!

MARC

LEADER 00000nbm a2200000 4500
001 0310484
005 20251121124743.0
041 0 |a slo 
044 |a SK 
245 1 0 |a Audit a kontrola kvality dát v oblasti zaisťovníctva  |b diplomová práca  |c Kristína Lipovská ; školiteľ: Veronika Horniaková 
264 1 |a Bratislava  |c 2025 
300 |a 64 s. 
100 1 |a Lipovská, Kristína 
700 1 |a Horniaková, Veronika, 1990- 
710 2 |a Fakulta hospodárskej informatiky EU. Katedra aplikovanej informatiky